The modes of scepticism : ancient texts and modern interpretations /

Bibliographic Details
Main Author: Annas, Julia
Other Authors: Barnes, Jonathan, 1942-
Format: Book
Language:English
Published: Cambridge ; New York : Cambridge University Press, 1985.
Subjects:

MARC

Tag First Indicator Second Indicator Subfields
LEADER 00000cam a22000008a 4500
001 in00000568821
005 20151014055346.0
008 840907s1985 enk b 00110 eng
010 |a  84020053  
020 |a 0521256828 
020 |a 0521276446 (pbk.) 
035 |a (OCoLC)11210281 
035 |9 ACK8045AM 
040 |a DLC  |c DLC  |d TXA  |d UtOrBLW 
049 |a TXAM  |c [A08244671] 
050 0 0 |a B837  |b .A55 1985 
082 0 |a 186  |2 19 
100 1 |a Annas, Julia. 
245 1 4 |a The modes of scepticism :  |b ancient texts and modern interpretations /  |c Julia Annas and Jonathan Barnes. 
263 |a 8504 
264 1 |a Cambridge ;  |a New York :  |b Cambridge University Press,  |c 1985. 
300 |a 203 pages 
336 |a text  |b txt  |2 rdacontent 
337 |a unmediated  |b n  |2 rdamedia 
338 |a volume  |b nc  |2 rdacarrier 
500 |a Includes indexes. 
504 |a Bibliography: pages [192]-194. 
650 0 |a Skepticism. 
700 1 |a Barnes, Jonathan,  |d 1942- 
999 |a MARS 
999 f f |s 63f5daf6-a670-3bea-be3c-8659e1178d68  |i 997c4d32-b6f6-31bb-86db-6c920753b70f  |t 0 
952 f f |p ric  |a Texas A&M University  |b Rellis Campus  |c Joint Library Facility  |d Remote Storage  |t 0  |e B837 .A55 1985  |h Library of Congress classification  |i unmediated -- volume  |m A14808244671 
998 f f |a B837 .A55 1985  |t 0  |l Remote Storage